Principles of Islamic Economics (Record no. 23672)

MARC details
000 -LEADER
fixed length control field 00353nam a22001337a 4500
082 ## - DEWEY DECIMAL CLASSIFICATION NUMBER
Classification number 297.273
Author Cutter NAQ
100 ## - MAIN ENTRY--AUTHOR NAME
Author name Naqvi Ali Mohammad
245 ## - TITLE STATEMENT
Title Principles of Islamic Economics
260 ## - PUBLICATION, DISTRIBUTION, ETC. (IMPRINT)
Place of publication New Delhi
Name of publisher Humanitites Advanced Studies Institutes
Year of publication 2023
300 ## - PHYSICAL DESCRIPTION
Number of Pages 226
650 ## - SUBJECT ADDED ENTRY--TOPICAL TERM
Topical Term “Principles of Islamic Economics”
942 ## - ADDED ENTRY ELEMENTS (KOHA)
Koha item type Books
Holdings
Home library Current library Shelving location Date acquired Source of acquisition Cost, normal purchase price Full call number Accession Number Koha item type
Henry Martyn Institute Library Henry Martyn Institute Library General stacks 12/16/2025 Director 200.00 297.273 NAQ 11004928 Books
                   Copyright © 2026 | Henry Martyn Institute | Hyderabad | TS-500052 | INDIA | Implemented by hmi.edu.in
Hit-Count:

Powered by Koha